Catálogo
 En Linea

Puntos ciegos de la historia política dominicana y otros escritos / (Registro nro. 54469)

Detalles MARC
000 -CABECERA
campo de control de longitud fija 02690nam a2200289 i 4500
003 - IDENTIFICADOR DEL NÚMERO DE CONTROL
campo de control DO-SdBNP
005 - FECHA Y HORA DE LA ÚLTIMA TRANSACCIÓN
campo de control 20260327130740.0
007 - CAMPO FIJO DE DESCRIPCIÓN FÍSICA--INFORMACIÓN GENERAL
campo de control de longitud fija ta
008 - DATOS DE LONGITUD FIJA--INFORMACIÓN GENERAL
campo de control de longitud fija 230818e2020 dr aobc| |||| 00| 0 spa d
020 ## - NÚMERO INTERNACIONAL ESTÁNDAR DEL LIBRO
Número Internacional Estándar del Libro 9789945807561
040 ## - FUENTE DE LA CATALOGACIÓN
Centro catalogador/agencia de origen DO-SdBNP
Lengua de catalogación spa
Centro/agencia transcriptor BNPHU
Normas de descripción rda
041 ## - CÓDIGO DE LENGUA
Código de lengua del texto/banda sonora o título independiente spa
082 #1 - NÚMERO DE LA CLASIFICACIÓN DECIMAL DEWEY
Número de clasificación xxx
Número de documento/Ítem xxx
Número de edición 22
245 10 - MENCIÓN DE TÍTULO
Título Puntos ciegos de la historia política dominicana y otros escritos /
Mención de responsabilidad, etc. Homero Luis Lajara Solá ; cuidado de edición, Cándido Gerón ; compilador, Mario Rosario
250 ## - MENCIÓN DE EDICIÓN
Mención de edición Primera edición
264 #4 - PRODUCCIÓN, PUBLICACIÓN, DISTRIBUCIÓN, FABRICACIÓN Y COPYRIGHT
Producción, publicación, distribución, fabricación y copyright Santo Domingo :
Nombre del de productor, editor, distribuidor, fabricante Editora Corripio.
Fecha de producción, publicación, distribución, fabricación o copyright ©2020.
300 ## - DESCRIPCIÓN FÍSICA
Extensión 176 páginas :
Otras características físicas Ilustrciones, fotografías, retratos ;
Dimensiones 23 cm.
336 ## - TIPO DE CONTENIDO
Término de tipo de contenido texto
Código de tipo de contenido txt
Fuente rdacontent
337 ## - TIPO DE MEDIO
Nombre/término del tipo de medio sin mediación
Código del tipo de medio n
Fuente rdamedia
338 ## - TIPO DE SOPORTE
Nombre/término del tipo de soporte volumen
Código del tipo de soporte nc
Fuente rdacarrier
500 ## - NOTA GENERAL
Nota general Incluye índice onomástico.
505 ## - NOTA DE CONTENIDO CON FORMATO
Nota de contenido con formato Duarte y la "Dominicracia".-- Interpretando la Independencia.-- Sánchez del Marzo Glosario.-- Norcorea: La Tormenta se Acumula.-- El Bloqueo a Catar: Lucha de Intereses.--
Título El Mito de la Isla Indivisible.-- Haití: refugiados medioambientales.-- HItí, ¿Victima de quién?.-- Cultura Económica.-- El Calentamiento Global.-- Mi Padre y su Afición por la Literatura.-- Compromiso Duartiano.-- El Futuro Ante la Historia.-- Civismo y Compromiso Remembranzas Maternas.-- Trujillo y Haití (1930 - 1961).-- Bosch y sus Relaciones con Haití (1963).-- El Triunvirato y sus Tensas Relaciones con Haití (1963-1965).-- Los 12 años de Gobierno de Balaguer y Haití (1966-1978).-- El Gobierno.-- El Gobierno del Presidente Antonio Guzmán y sus Relaciones con Haití (1978-1982).-- El Gobierno del Presidente Jorge Blanco y sus Relaciones con Haití (1982-1986).--
-- Los 10 años de Balaguer y sus Relaciones con Haití (1986-1996).-- Primer Gobierno del Dr. Leonel Fernández y su Relación con Haití (1996-2000).-- El Gobierno del Presidente Ing. Hipólito Mejía y su Relación con Haití (2000-2004).-- Los Gobiernos de Leonel Fernández (2004-2012) y su Relación con Haití.-- Experiencia traumática: Literatura y Tiranía.-- Rasgos Fundamentales: El líder Político del Milenio.-- Día Mundial de los Océanos.-- Julio en la Historia Dominicana.-- La Restauración y Nuestra Dominicracia.--
-- Presidente Báez, Planes de Anexión y el Endeudamiento externo del País.-- Apartidismo Militar.-- Epílogo del Siglo XIX en la Historia de la República Dominicana.-- Ambivalencias Políticas de Nuestra "Dominicracia".-- Lecturas Paternas y sus Reflexiones,-- Índice Onomástico.
590 ## - NOTA LOCAL (RLIN)
Nota local Inventariado 2023 / MF
700 1# - PUNTO DE ACCESO ADICIONAL--NOMBRE DE PERSONA
Nombre de persona Gerón, Candido,
Fechas asociadas al nombre 1948-
Término indicativo de función/relación editor
Código de función/relación ed.
9 (RLIN) 3577
700 1# - PUNTO DE ACCESO ADICIONAL--NOMBRE DE PERSONA
Fechas asociadas al nombre Rosario, Mario,
Término indicativo de función/relación compilador
Código de función/relación comp.
9 (RLIN) 83987
942 ## - ELEMENTOS DE PUNTO DE ACCESO ADICIONAL (KOHA)
Fuente del sistema de clasificación o colocación Dewey Decimal Classification
Tipo de ítem Koha Libro
Existencias
Estado de retiro Estado de pérdida Fuente del sistema de clasificación o colocación Restricciones de uso No para préstamo Código de colección Localización permanente Ubicación/localización actual Ubicación en estantería Fecha de adquisición Fuente de adquisición Total de préstamos Signatura topográfica completa Código de barras Fecha visto por última vez Precio válido a partir de Tipo de ítem Koha Nota pública Número de copia
    Dewey Decimal Classification Excluido de préstamo   Patrimonio Dominicano Biblioteca Nacional Pedro Henríquez Ureña Biblioteca Nacional Pedro Henríquez Ureña En catalogación 19.05.2022 Donado por Ubi Rivas   BNPHU PD 2023-5425 18.08.2023 18.08.2023 Libro Dedicado.  
    Dewey Decimal Classification Excluido de préstamo   Patrimonio Dominicano Biblioteca Nacional Pedro Henríquez Ureña Biblioteca Nacional Pedro Henríquez Ureña En catalogación 27.03.2026 Donado por Leopoldo Maldonado   BNPHU PD 2026-2464 27.03.2026 27.03.2026 Libro   e.2

Con tecnología Koha